000
00252nam a2200109Ia 4500
008
200302s9999 xx 000 0 und d
100
_a
Philip Jodidio
245
_a
Architecture in China
260
_b
Taschen Gmbh Ltd.
260
_c
2007
300
_a
191.,
999
_c
5159
_d
5159